MARC

LEADER 00000nas a2200000 a 4500
001 ssj0022417
003 WaSeSS
005 20200512172242.0
006 m d
007 cr n
008 850718c19859999ctumr p s 0 0eng c
010 |a sn 90021234  
035 |a (WaSeSS)ssj0022417 
037 |b Bankers Research Inc., P.O. Box 431, Westport, CT 06881 
040 |a COY  |b eng  |c COY  |d GUA  |d OCLCQ  |d OCLCF  |d OCLCO  |d OCLCQ  |d WaSeSS 
042 |a pcc 
050 1 4 |a HG1710  |b .F86 
245 0 0 |a Funds transfer report  |h [electronic resource]. 
260 |a Westport, CT :  |b Bankers Research,  |c 1985- 
310 |a Monthly,  |b June 1991- 
321 |a Semimonthly,  |b 1985-May 22, 1991 
362 0 |a Mar. 15, 1985- 
500 |a Title from caption. 
506 |a License restrictions may limit access. 
588 |a Latest issue consulted: Sept. 1992. 
650 0 |a Electronic funds transfers  |v Periodicals. 
650 0 |a Bank credit cards  |v Periodicals. 
650 0 |a Debit cards  |v Periodicals. 
650 7 |a Bank credit cards.  |2 fast  |0 (OCoLC)fst00826603 
650 7 |a Debit cards.  |2 fast  |0 (OCoLC)fst00888759 
650 7 |a Electronic funds transfers.  |2 fast  |0 (OCoLC)fst00907204 
655 0 |a Electronic journals. 
780 0 0 |t Revolving credit/funds transfer letter  |w (DLC)sn 93029061 
850 |a GU 
856 4 0 |z Full text available from Research Library: 06/01/1997 to 11/30/1997  |u https://search.proquest.com/publication/34004